Kuršiu Mariu šiaures vakarinis dalies krauto zonos morfodina mine charateristika
| Titel: | Kuršiu Mariu šiaures vakarinis dalies krauto zonos morfodina mine charateristika |
|---|---|
| Verfasser: | |
| Beteiligt: | |
| In: |
Geografijos metraštis, Band 20 (1982), Seite 106-111, 4 Abb. alle Artikel anzeigen |
| Veröffentlicht: | 1982 |
| Format: | Aufsatz |
| Sprache: | Litauisch |
X
alg: 39193639 001A $01999:11-11-16 001B $01999:12-03-21 $t19:05:50.000 001C $06050:19-11-16 $t09:31:05.000 001D $01999:11-11-16 001U $0utf8 001X $00 002@ $0Aox 003@ $0391936395 007A $0391936395 $aHEB 007T $0Herd20970 010@ $alit 011@ $a1982 021A $aKuršiu Mariu šiaures vakarinis dalies krauto zonos morfodina mine charateristika 028A $aKirlys $dVaižgantas 028B/01 $aJanukonis $dZigmas 031A $d20 $h106-111, 4 Abb. $j1982 037A $aruss. Res. 110-111; engl. Res. 111: Morphodynamic characteristic of the Northwest coast zone of the Kuršių Marios Lagoon 039B $aIn $8--Abvc--. Geografijos metraštis. - Vilnius : Akad., 1981-. - ISSN 0132-3156 $x198200000200000894 $9048472980 045F $a911.4793 $eDDC23BSB 045F/01 $a911 045F/03 $g4793 045F/03 $g4382 045F/03 $g43832 045T $a14 lok: 39193639 78 exp: 39193639 78 1 #EPN 201B/01 $019-04-17 $t10:54:37.000 201U/01 $0utf8 203@/01 $0788032232 208@/01 $a11-11-16 $be 209A/01 $a/ $f000 $x00 220C/01 $aTitelaufnehmer: kl 244Z/01 $2Trx $#Prusy Wschodnie i Zachodnie $8--Trx--Ost- und Westpreußen $x01 $939113373X 244Z/01 $2Trx $#Litauen $#Lithuania $#Litwa $#Litva $#Litva $8--Trx--Lietuva $x02 $9391193457 244Z/01 $2Trx $#Kuršių Marios $#Kurisches Haff $#Zalew Kuroński $#Kurskij Zaliv $8--Trx--Kuršskij Zaliv $x03 $9391187686 244Z/01 $2Trx $8--Trx--Zeitschriftenaufsatz $x04 $9391384341 245Z/01 $a02 $x01 247C/01 $82080>Marburg/Lahn, Herder-Institut, Forschungsbibliothek, Bibliographieportal $9336309341
| LEADER | 00000caa a22000002c 4500 | ||
|---|---|---|---|
| 001 | 391936395 | ||
| 003 | DE-603 | ||
| 005 | 20210312190550.0 | ||
| 007 | tu | ||
| 008 | 161111s1982 xx |||| | u00||u|lit c | ||
| 035 | |a (DE-599)HEB391936395 | ||
| 040 | |a DE-603 |b ger |c DE-603 |d DE-603 | ||
| 041 | |a lit | ||
| 082 | 0 | 4 | |8 1\u |a 911.4793 |q DE-101 |2 23/BSB |
| 084 | |a 14 |2 ssgn | ||
| 085 | |8 1\u |b 911 | ||
| 085 | |8 1\u |z 2 |s 4793 | ||
| 085 | |8 1\u |z 2 |s 4382 | ||
| 085 | |8 1\u |z 2 |s 43832 | ||
| 100 | 1 | |a Kirlys, Vaižgantas | |
| 245 | 0 | 0 | |a Kuršiu Mariu šiaures vakarinis dalies krauto zonos morfodina mine charateristika |
| 264 | 0 | |c 1982 | |
| 500 | |a russ. Res. 110-111; engl. Res. 111: Morphodynamic characteristic of the Northwest coast zone of the Kuršių Marios Lagoon | ||
| 700 | 1 | |a Janukonis, Zigmas | |
| 773 | 0 | 8 | |i In |t Geografijos metraštis |d Vilnius : Akad., 1981- |x 0132-3156 |g Band 20 (1982), Seite 106-111, 4 Abb. |w (DE-603)048472980 |w (DE-600)990309-4 |
| 924 | 0 | |9 2080 |a (DE-603)788032232 |b DE-2080 |c HES |d d |g / | |


